| 000 | 00682nam a22002172 4500 | ||
|---|---|---|---|
| 001 | 0000009605 | ||
| 005 | 20151217155841.0 | ||
| 008 | 081112s xx 000 0 eng d | ||
| 020 | _c$ | ||
| 040 |
_aKABU _cKABU |
||
| 100 | 1 |
_aWilson, C. J. _@0000161328 |
|
| 245 | 1 | 4 |
_aThe Story of the East African Mounted Rifles / _cC. J. Wilson. |
| 250 | _a1st ed. | ||
| 260 |
_aNairobi : _bE. A. S., _c1938. |
||
| 300 | _a136 p. | ||
| 650 | 0 |
_aWorld War 1914-1918 _xCampaigns _zAfrica, East. _@0000148801 |
|
| 651 | 0 |
_aGreat Britain _xArmy _xEast African Mounted Rifles. _@0000161329 |
|
| 852 | 1 | _9p500 KES | |
| 908 | _a081112 | ||
| 950 | _@1 | ||
| 999 |
_c13197 _d13197 |
||